000 01739cam a22003014a 4500
008 031218s2005 mauab b 001 0 eng
010 _a 2003025674
020 _a0072439696 (hard : alk. paper)
040 _aDLC
_cDLC
_dDLC
050 0 0 _aQH541
_b.M553 2005
082 0 0 _a577
_222
092 0 4 _a577
_bM7268 2005
_221
099 _a04
_a577 M7268 2005
100 1 _aMolles, Manuel C.
_q(Manuel Carl),
_d1948-
245 1 0 _aEcology :
_bconcepts and applications /
_cManuel C. Molles, Jr.
250 _a3rd ed.
260 _aBoston :
_bMcGraw-Hill,
_cc2005.
300 _axviii, 622 p. :
_bcol. ill., col. maps ;
_c28 cm.
504 _aIncludes bibliographical references (p. 598-606)and index.
505 0 _aIntroduction : what is ecology? -- Natural history -- Life on land -- Life in water -- Individuals -- Temperature relations -- Water relations -- Energy and nutrient relations -- Social relations -- Population ecology -- Population genetics and natural selection -- Population distribution and abundance -- Population dynamics -- Population growth -- Life histories -- Interactions -- Competition -- Exploitation: predation, herbivory, parasitism, and disease -- Mutualism -- Communities and ecosystems -- Species abundance and diversity -- Food webs -- Primary production and energy flow -- Nutrient cycling and retention -- Succession and stability -- Large-scale ecology -- Landscape ecoloy -- Geographic ecology -- Global ecology.
650 0 _aEcology.
856 4 1 _3Table of contents
_uhttp://www.loc.gov/catdir/toc/ecip0412/2003025674.html
902 _a1
905 _aGehan
_eRev.
905 _aJamal
_eCat.
942 _2ddc
_cBK
999 _c115642
_d115642